| 000 | 01951nam a2200493 i 4500 | ||
|---|---|---|---|
| 001 | DIGPUZ0627 | ||
| 003 | NyNyDIG | ||
| 007 | cr ||||||||||| | ||
| 008 | 220715s2016 sp ob 000 0 spa d | ||
| 006 | m o d | ||
| 035 | _a(OCoLC)1019658825 | ||
| 040 |
_aDGITA _beng _erda _epn _cDGITA |
||
| 020 |
_a9788416933082 _qeBook |
||
| 020 | _z9788416515745 | ||
| 041 | 1 |
_aspa _hita |
|
| 050 | 1 | 4 | _aB171 ebook |
| 082 | 1 | 4 | _a182 |
| 100 | 1 |
_aCapizzi, Antonio, _eauthor. |
|
| 240 | 1 | 0 |
_aIntroduzione a Parmenide. _lSpanish _s(Duque García) |
| 245 | 1 | 0 |
_aIntroducción a Parménides / _cAntonio Capizzi ; traducción, Nacho Duque García. |
| 264 | 1 |
_aZaragoza, España : _bPrensas de la Universidad de Zaragoza, _c2016. |
|
| 300 | _a1 online resource. | ||
| 336 |
_atext _btxt _2rdacontent |
||
| 337 |
_acomputer _bc _2rdamedia |
||
| 338 |
_aonline resource _bcr _2rdacarrier |
||
| 347 |
_atext file _2rdaft |
||
| 347 | _bPDF | ||
| 490 | 1 |
_aColección Humanidades ; _vno. 120 |
|
| 504 | _aIncludes bibliographical references. | ||
| 588 | 0 | _aOnline resource; title from PDF title page (Digitalia, viewed July 15, 2022) | |
| 600 | 0 | 0 | _aParmenides. |
| 650 | 0 | _aPre-Socratic philosophers. | |
| 650 | 0 | _aPhilosophy, Ancient. | |
| 655 | 0 | _aElectronic books. | |
| 700 | 1 |
_aDuque García, Nacho, _etranslator. |
|
| 700 | 1 |
_iTranslation of: _aCapizzi, Antonio. _tIntroduzione a Parmenide. |
|
| 791 | 2 |
_aDigitalia (Firm), _edistributor. |
|
| 793 | 0 |
_gDigitalia eBook Collection: _aPrensas Universitarias de Zaragoza |
|
| 776 | 0 | 8 |
_iPrint version: _aCapizzi, Antonio. _sIntroduzione a Parmenide. Spanish (Duque García). _tIntroducción a Parménides. _b1a edición. _dZaragoza, España : Prensas de la Universidad de Zaragoza, 2016 _z9788416515745 |
| 830 | 0 |
_aHumanidades (Zaragoza, Spain) ; _v120. |
|
| 856 | 4 | 0 |
_3Digitalia Hispánica _uhttps://www.digitaliapublishing.com/a/59225/ |
| 910 | _aPremium collection: 2022 | ||
| 942 | _cRAA | ||
| 999 |
_c256092 _d256092 |
||